MARC

LEADER 00000nab a2200000 ar4500
001 vtls010426876
003 SK-MaSNL
005 20260305031921.0
008 120531c2012 xo wr|p|||||||000 b|slo
038 |a PPPK 
040 |a PPPKCL  |b slo  |c PPPKCL  |e AACR2 
041 0 |a slo 
044 |a xo  |c SK 
080 |a 7.07-053.2  |2 2001 
080 |a 347.238.8  |2 2001 
080 |a 738  |2 2001 
245 0 0 |a V Spišskej Belej spojili keramiku a bylinky  |c [text a foto] (mna) 
300 |b Fotogr. 
610 2 7 |a Špeciálna základná škola (Spišská Belá, Slovensko)  |2 pppkcl  |9 1315129 
610 2 7 |a Galéria u Anjela (Kežmarok, Slovensko)  |x výstavy  |2 pppkcl  |9 1053061 
650 0 7 |a špeciálne základné školy  |2 pppkcl  |9 69127 
650 0 7 |a detská umelecká tvorba  |2 pppkcl  |9 88297 
650 0 7 |a verejné dražby  |2 pppkcl  |9 4608 
650 0 7 |a výtvarné umenie  |2 pppkcl  |9 723 
650 0 7 |a keramika  |2 pppkcl  |9 3061 
651 7 |a Spišská Belá (Slovensko)  |2 pppkcl  |9 16198 
651 7 |a Kežmarok (Slovensko : okres)  |2 pppkcl  |9 51824 
773 0 |t Podtatranské noviny  |g Roč. LIII, č. 15 (2012), s. 9  |x 1210-2423 
852 |a PPPK  |b KIS3GCP 
999 |c 3317972  |d 3319902